Reseña de los principales actos de la Excma. Diputación Provincial de Barcelona, desde 18 de julio de 1858 hasta 31 de marzo de 1862, ...
Descripción Física:
62 p. ; 27 cm
MARC
| LEADER | 00000nam a2200000Ia 4500 | ||
|---|---|---|---|
| 001 | 8202 | ||
| 008 | 160829s1862 xx 000 0 cat d | ||
| 080 | |a M-3-345 | ||
| 110 | 1 | |a Barcelona (Catalunya : Província). |b Diputació |9 52408 | |
| 245 | |a Reseña de los principales actos de la Excma. Diputación Provincial de Barcelona, desde 18 de julio de 1858 hasta 31 de marzo de 1862, ... | ||
| 260 | |a Barcelona : |b (Tip. Narciso Ramírez), |c 1862 | ||
| 300 | |a 62 p. ; |c 27 cm | ||
| 610 | 1 | 0 | |a Barcelona (Catalunya : Província). |b Diputació |9 52408 |
| 650 | 0 | |a Administració províncial |z Barcelona (Província) |9 23004 | |
| 901 | |a Arxiu | ||
| 942 | |n 1 | ||
| 952 | |0 0 |1 0 |4 0 |6 M3345 |7 1 |9 42454 |a Arxiu |b Arxiu |d 2016-12-01 |l 0 |o M-3-345 |p 8202 |r 2016-12-01 00:00:00 |w 2016-12-01 |y ARXIU | ||
| 999 | |c 44959 |d 44959 | ||